LEADER 01187nam0-2200313---450- 001 990009411850403321 005 20110804113912.0 035 $a000941185 035 $aFED01000941185 035 $a(Aleph)000941185FED01 035 $a000941185 100 $a20110804d1777----km-y0itay50------ba 101 0 $aita 200 1 $aBrevilogio della cronica ed istoria dell'insigne Santuario Reale di Montevergine capo della Regia congregazione benedittina de' Verginiani 210 $ain Napoli$cper Gio: Maria Riccio$d1777 215 $aXVI, 140, [6] p.$c19 cm$d1777 300 $aIl nome dell'autore si evince dalla dedica curata da Angelo Maria D'Amato 300 $aSul front. vignetta calcografica con stemma di Montevergine 676 $a945.074 676 $a271.1045721 700 1$aJacuzio,$bMatteo$0512323 702 1$aD'Amato,$bAngelo Maria 801 0$aIT$bUNINA$gRICA$2UNIMARC 901 $aAQ 912 $a990009411850403321 952 $aSG 900/A 59$bR. Bibl. 17448$fFLFBC 959 $aFLFBC 996 $aBrevilogio della cronica ed istoria dell'insigne Santuario Reale di Montevergine capo della Regia congregazione benedittina de' Verginiani$9759187 997 $aUNINA LEADER 01188nam 2200409 450 001 9910798797503321 005 20230808194921.0 010 $a1-68325-148-2 035 $a(CKB)3710000000832030 035 $a(MiAaPQ)EBC4619660 035 $a(Au-PeEL)EBL4619660 035 $a(CaPaEBR)ebr11294117 035 $a(OCoLC)962451300 035 $a(EXLCZ)993710000000832030 100 $a20161121h20162016 uy 0 101 0 $aspa 135 $aurcnu|||||||| 181 $2rdacontent 182 $2rdamedia 183 $2rdacarrier 200 14$aLas dietas y la libertad $eel fin de la dieta absolutista : la quiebra del re?gimen totalitario /$fEmilia Landaluce 210 1$a[Barcelona, Spain] :$cEditorial De Vecchi,$d2016. 210 4$dİ2016 215 $a1 online resource (102 pages) $cillustrations 300 $aIncludes index. 311 $a84-315-3884-8 606 $aReducing diets 615 0$aReducing diets. 676 $a613.25 700 $aLandaluce$b Emilia$01581122 801 0$bMiAaPQ 801 1$bMiAaPQ 801 2$bMiAaPQ 906 $aBOOK 912 $a9910798797503321 996 $aLas dietas y la libertad$93862474 997 $aUNINA